| 000 | 00603nam a2200205Ia 4500 | ||
|---|---|---|---|
| 005 | 20230203121821.0 | ||
| 008 | 131103s9999 xx 000 0 und d | ||
| 020 | _cRs.200.00 | ||
| 040 | _aLoreto College | ||
| 041 | _aEnglish | ||
| 082 |
_a792.095414 _bMUK |
||
| 100 | _aMukherjee,Sushil Kumar | ||
| 245 | 4 |
_aThe story of Calcutta Theatres _b 1753 - 1980 _cSushil Kumar Mukherjee |
|
| 260 |
_aCalcutta _bK.P.Bagchi _c1982 |
||
| 300 |
_axvi,806 p. _b illus. |
||
| 504 | _aIncludes bibliographical references and index | ||
| 650 |
_aTheatre _y1753-1980 _zCalcutta |
||
| 850 | _aLCLIB | ||
| 942 | _cBK | ||
| 999 |
_c43122 _d93601 |
||